00920nam a2200253 a 450000100100000000500170001000800410002702000150006804000250008304100380010808200150014610000400016124000430020124501230024426000310036730000320039853400510043065000300048165000300051165000320054170000300057370000300060371000330063300002457820260521144507.0110131s1979 mx r 000 0 spa d a9684090374 aDO-SdBNPbspacBNPHU17aspaheng2Código de idioma MARC a501bM397p1 aMaslow, Abraham Harold,d1908-1970.10aThe psychology of science.lEspañol.10aLa psicología de la ciencia /cAbraham Harold Maslow ; traducción Agustín Bárcena ; prólogo Arthur G. Wirth. aMéxico :bEdamex,c1979. aviii, 157, [1] p. ;c20 cm. aTítulo original:tThe psychology of science. 0a Ciencia -xMetodología 0aFilosofía de la ciencia 4aComunicación científica1 aBárcena, Agustínetr.1 aWirth, Arthur G.epról.2 aEditores Asociados Mexicanos